<?xml version="1.0" encoding="UTF-8"?><?xml-stylesheet type="text/xsl" href="static/style.xsl"?><OAI-PMH xmlns="http://www.openarchives.org/OAI/2.0/" xmlns:xsi="http://www.w3.org/2001/XMLSchema-instance" xsi:schemaLocation="http://www.openarchives.org/OAI/2.0/ http://www.openarchives.org/OAI/2.0/OAI-PMH.xsd"><responseDate>2026-04-28T21:58:38Z</responseDate><request verb="GetRecord" identifier="oai:uvadoc.uva.es:10324/7752" metadataPrefix="marc">https://uvadoc.uva.es/oai/request</request><GetRecord><record><header><identifier>oai:uvadoc.uva.es:10324/7752</identifier><datestamp>2025-02-20T09:58:22Z</datestamp><setSpec>com_10324_30605</setSpec><setSpec>com_10324_894</setSpec><setSpec>col_10324_41</setSpec></header><metadata><record xmlns="http://www.loc.gov/MARC21/slim" xmlns:doc="http://www.lyncode.com/xoai" xmlns:xsi="http://www.w3.org/2001/XMLSchema-instance" xmlns:dcterms="http://purl.org/dc/terms/" xsi:schemaLocation="http://www.loc.gov/MARC21/slim http://www.loc.gov/standards/marcxml/schema/MARC21slim.xsd">
<leader>00925njm 22002777a 4500</leader>
<datafield tag="042" ind1=" " ind2=" ">
<subfield code="a">dc</subfield>
</datafield>
<datafield tag="720" ind1=" " ind2=" ">
<subfield code="a">Del Caño Espinel, Manuela</subfield>
<subfield code="e">author</subfield>
</datafield>
<datafield tag="260" ind1=" " ind2=" ">
<subfield code="c">2014</subfield>
</datafield>
<datafield tag="520" ind1=" " ind2=" ">
<subfield code="a">La apolipoproteína D (ApoD) es un Lipocalina secretada principalmente por células gliales cuya expresión aumenta con el envejecimiento y la neurodegeneración. Lazarillo Glial (GLAZ) y Lazarillo Neural (NLaz) son homólogos de ApoD en Drosophila. ApoD protege contra el estrés oxidativo y promueve la regeneración axonal después de una lesión, pero su mecanismo de acción es desconocido. ApoD se encuentra entre un pequeño conjunto de genes cuya sobre-expresión con el envejecimiento del sistema nervioso está evolutivamente conservada, y dicha sobre-expresión se correlaciona estrechamente con un amplio espectro de daño al sistema nervioso, como apoplejía, trastornos psiquiátricos y enfermedades neurodegenerativas como el Alzheimer, Parkinson, Huntington o la enfermedad de Niemann Pick. Se ha propuesto que su función protectora podría deberse a una posible capacidad de contrarrestar la peroxidación lipídica.&#xd;
En esta tesis se plantea la hipótesis de que GLaz/NLaz/ApoD pueda modular la composición de la membrana, la dinámica y la oxidación. Para contrastar esta hipótesis se estudiaron los efectos de estas lipocalinas en diferentes procesos en los que la membrana juega un papel importante.</subfield>
</datafield>
<datafield tag="024" ind2=" " ind1="8">
<subfield code="a">http://uvadoc.uva.es/handle/10324/7752</subfield>
</datafield>
<datafield tag="024" ind2=" " ind1="8">
<subfield code="a">b1699058</subfield>
</datafield>
<datafield tag="024" ind2=" " ind1="8">
<subfield code="a">10.35376/10324/7752</subfield>
</datafield>
<datafield ind1=" " ind2=" " tag="653">
<subfield code="a">Membranas (Biología)</subfield>
</datafield>
<datafield ind1=" " ind2=" " tag="653">
<subfield code="a">Proteínas</subfield>
</datafield>
<datafield ind1=" " ind2=" " tag="653">
<subfield code="a">Lípidos</subfield>
</datafield>
<datafield tag="245" ind1="0" ind2="0">
<subfield code="a">Relación de la apolipoproteína D y sus homólogos en Drosophila con las membranas biológicas: Estudio de su función en diferentes procesos celulares y de su localización y efectos sobre las balsas lipídicas</subfield>
</datafield>
</record></metadata></record></GetRecord></OAI-PMH>